[Event "3º Open de Lisboa "]
[Site "Altis Park Hotel - Rua Eng.º A"]
[Date "2015.08.08"]
[Round "2.30"]
[White "MACHADO, Tomás Dias"]
[Black "ROMANO, João Manuel Pereira "]
[Result "1/2-1/2"]
[WhiteElo "1427"]
[BlackElo "1775"]
[PlyCount "131"]
[EventDate "2015.08.08"]

1. e4 c5 2. c3 Nf6 3. e5 Nd5 4. d4 cxd4 5. cxd4 d6 6. f4 Nc6 7. Nf3 g6 8. Bc4
Nb6 9. Nbd2 dxe5 10. Nxe5 Nxc4 11. Nxc6 bxc6 12. Nxc4 Bg7 13. Be3 O-O 14. O-O
Be6 15. Ne5 Qd6 16. Qa4 Bd5 17. Rac1 Rfc8 18. Rc2 Qe6 19. b3 f6 20. Nc4 Kh8 21.
Re1 Qf5 22. Rce2 Bh6 23. Na3 Rg8 24. Qb4 g5 25. fxg5 Bxg5 26. Bxg5 Qxg5 27. Qc5
Rg7 28. Rf1 Rag8 29. Rff2 Qh4 30. Qc3 f5 31. Nc2 f4 32. Ne1 Rg6 33. Qd2 Rf8 34.
Nf3 Qf6 35. Ne5 Rxg2+ 36. Rxg2 f3 37. Nxf3 Qxf3 38. Ref2 Qxg2+ 39. Rxg2 Bxg2
40. Qe3 Bd5 41. Qxe7 Rf7 42. Qe5+ Kg8 43. b4 a6 44. a4 Rb7 45. Qd6 Kf7 46. Qc5
Ke6 47. Qa5 Rg7+ 48. Kf1 Rg2 49. Qc7 Ra2 50. Qxh7 Rxa4 51. Qg6+ Kd7 52. Qg7+
Ke6 53. Qe5+ Kf7 54. Qd6 Ra2 55. h4 Rg2 56. h5 Rg7 57. h6 Rh7 58. Kf2 Kg8 59.
Kg3 Rf7 60. Kh4 Kh7 61. Kg5 Be4 62. Qe6 Bd5 63. Qc8 Be4 64. Qxa6 Rf5+ 65. Kg4
Kxh6 66. b5 1/2-1/2

[Event "3º Open de Lisboa "]
[Site "Altis Park Hotel - Rua Eng.º A"]
[Date "2015.08.08"]
[Round "2.32"]
[White "ABREU, Alexandré Ribeiro"]
[Black "JESUS, João Pedro Mendes De"]
[Result "0-1"]
[WhiteElo "1342"]
[BlackElo "1764"]
[PlyCount "84"]
[EventDate "2015.08.08"]

1. e4 c5 2. Nc3 Nc6 3. f4 d6 4. Nf3 g6 5. Bb5 a6 6. Bxc6+ bxc6 7. d4 c4 8. d5
Bg7 9. dxc6 Qc7 10. O-O Nf6 11. Be3 O-O 12. Qe2 Qxc6 13. Nd2 a5 14. e5 Ng4 15.
Bd4 Rd8 16. Nxc4 dxe5 17. Nxe5 Nxe5 18. Bxe5 Ba6 19. Qe3 Bxf1 20. Rxf1 Qb7 21.
Bxg7 Kxg7 22. b3 Qa7 23. Qxa7 Rxa7 24. Rf2 Rc7 25. Rf3 Rd2 26. a3 Rxc2 27. Na4
Ra2 28. Rf2 Rc1+ 29. Rf1 Rxf1+ 30. Kxf1 Rxa3 31. Nc5 Ra2 32. h3 f5 33. Kg1 Kf6
34. Kh2 h6 35. h4 Rd2 36. Kh3 Rd5 37. Na4 Rb5 38. g3 Rxb3 39. Nc5 Rb5 40. Nd3
a4 41. Ne1 a3 42. Nc2 a2 0-1

[Event "3º Open de Lisboa "]
[Site "Altis Park Hotel - Rua Eng.º A"]
[Date "2015.08.08"]
[Round "2.33"]
[White "ALVES, Luis Miguel Guerreir"]
[Black "ABREU, Paulo Alexandré Madu"]
[Result "1-0"]
[WhiteElo "1761"]
[BlackElo "1322"]
[PlyCount "50"]
[EventDate "2015.08.08"]

1. c4 e5 2. Nc3 Nf6 3. Nf3 Nc6 4. g3 Be7 5. Bg2 d6 6. O-O O-O 7. d3 Re8 8. a3
a6 9. b4 Bd7 10. Rb1 Qc8 11. Re1 Bh3 12. Bh1 Bd7 13. a4 Nd8 14. b5 axb5 15.
axb5 b6 16. Bg5 Ne6 17. Bxf6 Bxf6 18. Nd5 Bd8 19. Nb4 Ra7 20. Qd2 c6 21. bxc6
Bxc6 22. Nxc6 Qxc6 23. Nxe5 Qc8 24. Nc6 Ra4 25. Nb4 Bf6 1-0

[Event "3º Open de Lisboa "]
[Site "Altis Park Hotel - Rua Eng.º A"]
[Date "2015.08.08"]
[Round "2.34"]
[White "ENCARNAÇÃO, Filipe Alexandré D"]
[Black "LAGES, Duarte Jorge Silva"]
[Result "1-0"]
[WhiteElo "1240"]
[BlackElo "1725"]
[PlyCount "41"]
[EventDate "2015.08.08"]

1. e4 c6 2. d4 d5 3. exd5 cxd5 4. g3 Nc6 5. Nc3 Bf5 6. Bg2 Nf6 7. a3 e6 8. Nf3
Rc8 9. O-O Bg4 10. Ne2 Ne4 11. c3 Be7 12. Ne1 Nd6 13. f3 Bf5 14. Nf4 h6 15.
Ned3 Nc4 16. Nb4 a5 17. Nc2 O-O 18. Ne3 Nxe3 19. Bxe3 Qb6 20. Qe2 a4 21. Bf2
1-0

[Event "3º Open de Lisboa "]
[Site "Altis Park Hotel - Rua Eng.º A"]
[Date "2015.08.09"]
[Round "3.1"]
[White "FIDALGO, André Neves"]
[Black "DUANY, Lelys Stanley Martin"]
[Result "1-0"]
[WhiteElo "2058"]
[BlackElo "2450"]
[PlyCount "123"]
[EventDate "2015.08.08"]

1. e4 e5 2. Nf3 Nc6 3. Bc4 Nf6 4. d4 exd4 5. O-O d6 6. Nxd4 Be7 7. Re1 O-O 8.
Nc3 Re8 9. h3 Ne5 10. Bb3 c6 11. Bf4 Bf8 12. a4 Nfd7 13. Nf3 Qf6 14. Nxe5 dxe5
15. Bg3 Nc5 16. Bc4 Be6 17. Qe2 Rad8 18. Rad1 Rd4 19. Bxe6 Nxe6 20. Qh5 Nf4 21.
Bxf4 Qxf4 22. Qg4 Qxg4 23. hxg4 Bb4 24. Rd3 h6 25. Rb1 Ba5 26. f3 Rxd3 27. cxd3
Rd8 28. Rd1 Rd4 29. Kf2 Kf8 30. Ke3 Rb4 31. Rd2 Bb6+ 32. Ke2 Bd4 33. a5 Ke7 34.
g3 Kd6 35. f4 f6 36. Kf3 Rb3 37. Rc2 Bxc3 38. bxc3 Ra3 39. g5 hxg5 40. fxg5
Rxa5 41. g6 Ke6 42. Kg4 c5 43. Rh2 c4 44. dxc4 Rc5 45. Rh7 Rc7 46. c5 a5 47.
Rh8 a4 48. Re8+ Kd7 49. Ra8 Rxc5 50. Rg8 Ke6 51. Rxg7 Rc4 52. Rxb7 Rxe4+ 53.
Kh5 Kf5 54. Rb4 Re3 55. Rg4 Rxc3 56. g7 Rc8 57. g8=Q Rxg8 58. Rxg8 Ke4 59. g4
Kf3 60. Ra8 e4 61. Rxa4 e3 62. Ra6 1-0

[Event "3º Open de Lisboa "]
[Site "Altis Park Hotel - Rua Eng.º A"]
[Date "2015.08.09"]
[Round "3.2"]
[White "FERREIRA, Carlos André Santos"]
[Black "ROCHA, Sérgio Manuel Colaço"]
[Result "1/2-1/2"]
[WhiteElo "2013"]
[BlackElo "2384"]
[PlyCount "82"]
[EventDate "2015.08.08"]

1. e4 c5 2. Nc3 a6 3. g3 b5 4. Bg2 Bb7 5. d3 d6 6. f4 e6 7. Nf3 Nf6 8. O-O Qc7
9. Qe2 Nc6 10. h3 Be7 11. Nd1 O-O 12. Ne3 Rfe8 13. Qf2 Nd4 14. g4 Nd7 15. c3
Nxf3+ 16. Bxf3 b4 17. c4 Bf6 18. Nd1 Nb8 19. g5 Bd4 20. Be3 Nc6 21. Bg2 Qe7 22.
Bxd4 Nxd4 23. Ne3 f6 24. gxf6 Qxf6 25. Rae1 Rf8 26. Qg3 Qg6 27. Qg4 a5 28. f5
Qxg4 29. hxg4 h6 30. Rf2 a4 31. Nc2 Nxc2 32. Rxc2 a3 33. b3 Rae8 34. Rce2 g6
35. Bh3 Bc6 36. Kh2 Kg7 37. Kg3 exf5 38. gxf5 Re5 39. Rf2 Rf6 40. Ref1 g5 41.
Bg4 Be8 1/2-1/2

[Event "3º Open de Lisboa "]
[Site "Altis Park Hotel - Rua Eng.º A"]
[Date "2015.08.09"]
[Round "3.4"]
[White "VIELA, André Filipe Folha"]
[Black "WESSLEN, Ulf"]
[Result "1-0"]
[WhiteElo "2186"]
[BlackElo "1989"]
[PlyCount "67"]
[EventDate "2015.08.08"]

1. c4 e5 2. Nc3 Nc6 3. g3 Nf6 4. Bg2 d6 5. d3 Be6 6. e4 Qd7 7. Nge2 Be7 8. O-O
Bh3 9. f3 Nd4 10. Nxd4 exd4 11. Bxh3 Qxh3 12. Nb5 Bd8 13. Nxd4 O-O 14. Qe2 Re8
15. Qg2 Qd7 16. Bd2 c6 17. Bc3 Bb6 18. Kh1 d5 19. Nf5 d4 20. Bd2 Qe6 21. g4 Nd7
22. f4 Rad8 23. Rf3 Nf8 24. Nh4 Qe7 25. Rh3 Bc7 26. f5 Nd7 27. Rf1 Ne5 28. f6
Qe6 29. Nf5 gxf6 30. Rxh7 Nxd3 31. Rg7+ Kf8 32. Bh6 Re7 33. Rg6+ Ke8 34. Ng7+
1-0

[Event "3º Open de Lisboa "]
[Site "Altis Park Hotel - Rua Eng.º A"]
[Date "2015.08.09"]
[Round "3.5"]
[White "GUERRA, Vitor Manuel Véstia"]
[Black "NEGRÃO, Alberto Rodolfo A S "]
[Result "1-0"]
[WhiteElo "2119"]
[BlackElo "1927"]
[PlyCount "155"]
[EventDate "2015.08.08"]

1. d4 Nf6 2. c4 g6 3. Nc3 Bg7 4. Bg5 O-O 5. e3 d6 6. Nf3 Nbd7 7. Be2 c5 8. d5
Qa5 9. O-O h6 10. Bh4 g5 11. Bg3 Nh5 12. Qc2 Nxg3 13. hxg3 a6 14. a4 Nf6 15.
Nd2 Ng4 16. Nb3 Qc7 17. e4 Bd7 18. a5 b6 19. axb6 Qxb6 20. Na5 Rfb8 21. Ra2 Re8
22. Nd1 Rab8 23. Bxg4 Bxg4 24. Ne3 Bd7 25. Nf5 Bxf5 26. exf5 Bf6 27. Re1 Qc7
28. Qa4 Qc8 29. Nc6 Rb6 30. g4 Kf8 31. Re2 Qb7 32. Qc2 Ra8 33. g3 Re8 34. Na5
Qb8 35. b3 Qc7 36. Re3 Reb8 37. Qd2 Ra8 38. Nc6 Re8 39. Ra3 Ra8 40. Re2 Rc8 41.
Qd3 Re8 42. Qe3 Rc8 43. Rea2 Ra8 44. Na5 Rab8 45. Kg2 Qd7 46. Kg1 Qc7 47. Kh2
Qd7 48. Nc6 Ra8 49. b4 cxb4 50. Qxb6 bxa3 51. Rxa3 Qc8 52. Kg2 Kg7 53. Rb3 Kf8
54. Na5 Kg7 55. Nc6 Kf8 56. Ra3 Kg7 57. Ra4 Kf8 58. Na7 Qb8 59. Qxb8+ Rxb8 60.
Rxa6 Rb2 61. Nb5 Rc2 62. Ra8+ Kg7 63. Rc8 Be5 64. Kf3 Bf6 65. Ke3 Rb2 66. Rc7
Kf8 67. Rc8+ Kg7 68. Nc7 Be5 69. f4 Bc3 70. Ne8+ Kh7 71. f6 Rb3 72. fxe7 Bf6+
73. Ke4 Bxe7 74. Rc7 Bf8 75. Rxf7+ Kg8 76. Rd7 Kh8 77. Nf6 Bg7 78. Rd8+ 1-0

[Event "3º Open de Lisboa "]
[Site "Altis Park Hotel - Rua Eng.º A"]
[Date "2015.08.09"]
[Round "3.7"]
[White "COELHO, Pedro Rodrigo Dias"]
[Black "SILVA, Miguel A Neto Pires"]
[Result "0-1"]
[WhiteElo "1883"]
[BlackElo "2174"]
[PlyCount "58"]
[EventDate "2015.08.08"]

1. Nf3 g6 2. c3 Nf6 3. d4 Bg7 4. g3 O-O 5. Bg2 d6 6. O-O Nbd7 7. Nbd2 e5 8. Qc2
Re8 9. dxe5 dxe5 10. Nb3 Qe7 11. e4 a5 12. a4 b6 13. h3 Bb7 14. Nh4 Nh5 15. Be3
Nf8 16. Rad1 Ne6 17. Kh2 Nhf4 18. Nxg6 Nxg6 19. f4 exf4 20. gxf4 Nh4 21. f5
Be5+ 22. Kh1 Nc5 23. f6 Bxf6 24. Nxc5 bxc5 25. Qf2 Bxe4 26. Qg3+ Kh8 27. Rxf6
Bxg2+ 28. Kh2 Qxf6 29. Bg5 Qxg5 0-1

[Event "3º Open de Lisboa "]
[Site "Altis Park Hotel - Rua Eng.º A"]
[Date "2015.08.09"]
[Round "3.8"]
[White "RODRIGUES, Luis Miguel Bernard"]
[Black "MONTGOMERY, Jan Elkjaer Frants"]
[Result "0-1"]
[WhiteElo "1882"]
[BlackElo "2082"]
[PlyCount "108"]
[EventDate "2015.08.08"]

1. e4 c5 2. Nc3 Nc6 3. f4 e6 4. Nf3 a6 5. g3 d5 6. Bg2 dxe4 7. Nxe4 Nf6 8. Qe2
Be7 9. O-O O-O 10. d3 Rb8 11. Kh1 b5 12. c3 b4 13. Be3 Qa5 14. c4 Bb7 15. Ne5
Nxe5 16. fxe5 Nxe4 17. Bxe4 Bxe4+ 18. dxe4 Qc7 19. Bf4 Qc6 20. Rae1 Rbd8 21.
Qg4 f5 22. exf6 Bxf6 23. Qe2 Rd4 24. b3 Rfd8 25. Qf3 Rd3 26. Re3 Rxe3 27. Bxe3
Rd3 28. Qf4 h6 29. h4 Be5 30. Qxe5 Rxe3 31. Rf8+ Kh7 32. Rf7 Qxe4+ 33. Qxe4+
Rxe4 34. Rf2 Kg6 35. Kg2 e5 36. Kf3 Kf5 37. Rf1 g5 38. hxg5 hxg5 39. Rh1 g4+
40. Kf2 Rd4 41. Ke3 Kg5 42. Rh8 Rd1 43. Ra8 Re1+ 44. Kf2 Rc1 45. Rxa6 Kf5 46.
Ke3 Rc3+ 47. Kf2 Ke4 48. Rg6 Rc2+ 49. Ke1 Kf3 50. Rg5 Re2+ 51. Kf1 Rxa2 52.
Rf5+ Ke4 53. Rg5 Rb2 54. Rxg4+ Kf3 0-1

[Event "3º Open de Lisboa "]
[Site "Altis Park Hotel - Rua Eng.º A"]
[Date "2015.08.09"]
[Round "3.9"]
[White "AGUIAR, Carlos Alberto Branc"]
[Black "BRUNIER, Jules"]
[Result "1/2-1/2"]
[WhiteElo "1837"]
[BlackElo "2029"]
[PlyCount "104"]
[EventDate "2015.08.08"]

1. e4 e6 2. d3 d5 3. Nd2 Nf6 4. g3 Be7 5. Bg2 O-O 6. Ngf3 c5 7. O-O Nc6 8. Re1
a6 9. a4 b6 10. e5 Nd7 11. Nf1 Bb7 12. h4 Re8 13. h5 f6 14. Bf4 fxe5 15. Nxe5
Ndxe5 16. Bxe5 Nxe5 17. Rxe5 Bf6 18. Re2 Bxb2 19. Rb1 Bd4 20. Nd2 Bc6 21. c4
Rb8 22. Bh3 e5 23. cxd5 Qxd5 24. Ne4 Qd8 25. Bg2 Bxe4 26. Bxe4 Qg5 27. Kg2 Qxh5
28. Qb3+ Kf8 29. f3 h6 30. Qd5 Qg5 31. Bh7 Ke7 32. Be4 Qf6 33. Qc4 a5 34. Rh1
Qe6 35. Bd5 Qd7 36. Rb1 Red8 37. Be4 Kf8 38. Bh7 Qf7 39. Be4 Qxc4 40. dxc4 g5
41. Bd5 Kg7 42. g4 Rd6 43. Rb3 Rf8 44. Re1 Rff6 45. Rh1 Rf4 46. Rhb1 Rff6 47.
Rh1 Kg6 48. Be4+ Kg7 49. Bd5 Rf8 50. Rhb1 Rff6 51. Rh1 Rd8 52. Rhb1 Rdd6
1/2-1/2

[Event "3º Open de Lisboa "]
[Site "Altis Park Hotel - Rua Eng.º A"]
[Date "2015.08.09"]
[Round "3.10"]
[White "ADÃO, David Jaime Changani"]
[Black "MORAIS, Vitor Mestre"]
[Result "0-1"]
[WhiteElo "1788"]
[BlackElo "2017"]
[PlyCount "74"]
[EventDate "2015.08.08"]

1. d4 Nf6 2. Nf3 g6 3. g3 Bg7 4. Bg2 O-O 5. c4 d6 6. Nc3 Nbd7 7. O-O e5 8. Bg5
h6 9. dxe5 dxe5 10. Bxf6 Bxf6 11. Qc1 Bg7 12. Rd1 c6 13. Ne4 Qe7 14. c5 f5 15.
Nd6 e4 16. Nh4 Kh7 17. Rb1 Ne5 18. Bh1 Be6 19. Ng2 Bxa2 20. Ra1 Bb3 21. Re1 a6
22. Qe3 Bg8 23. h3 Rad8 24. Rac1 Nf7 25. Nc4 Ng5 26. h4 Bd4 27. Qb3 Nh3+ 28.
Kh2 Nxf2 29. Nf4 Bxc5 30. Qc2 Ng4+ 31. Kh3 Bf2 32. h5 gxh5 33. Red1 Rxd1 34.
Qxd1 Bxc4 35. Qc2 Ne3 36. Qd2 Qg7 37. Nxh5 Qg4+ 0-1

[Event "3º Open de Lisboa "]
[Site "Altis Park Hotel - Rua Eng.º A"]
[Date "2015.08.09"]
[Round "3.11"]
[White "ALMEIDA, Diogo António"]
[Black "MARTINS, André G Gomes Brito"]
[Result "0-1"]
[WhiteElo "1346"]
[BlackElo "2009"]
[PlyCount "80"]
[EventDate "2015.08.08"]

1. d4 Nf6 2. c4 g6 3. Nc3 Bg7 4. Nf3 O-O 5. e4 d6 6. Be2 Nbd7 7. Bf4 e5 8. dxe5
dxe5 9. Be3 Re8 10. O-O c6 11. h3 Qe7 12. Qc2 Nh5 13. Rfd1 Nc5 14. b4 Ne6 15.
a3 Nhf4 16. Rd2 g5 17. Rad1 h5 18. Nh2 Qf6 19. Rd6 Bf8 20. Bxf4 Bxd6 21. Rxd6
gxf4 22. Bxh5 Qg5 23. Be2 Nd4 24. Qd3 Re6 25. Rxe6 Bxe6 26. b5 Rd8 27. Nf3
Nxf3+ 28. Qxf3 Rd4 29. c5 Bc4 30. bxc6 bxc6 31. Nd1 Kg7 32. Nb2 Bxe2 33. Qxe2
f3 34. Qxf3 Qc1+ 35. Kh2 Qxb2 36. Qg4+ Kf8 37. Qc8+ Ke7 38. Qxc6 Rd7 39. Qa8
Qxf2 40. c6 Qf4+ 0-1

[Event "3º Open de Lisboa "]
[Site "Altis Park Hotel - Rua Eng.º A"]
[Date "2015.08.09"]
[Round "3.12"]
[White "DIOGO, Vasco André Marçalo"]
[Black "SOUSA, Tadeu Filipe Leonard"]
[Result "1-0"]
[WhiteElo "2240"]
[BlackElo "1799"]
[PlyCount "135"]
[EventDate "2015.08.08"]

1. e4 c5 2. Nf3 Nc6 3. d4 cxd4 4. Nxd4 e5 5. Nb5 d6 6. c4 Be7 7. N1c3 a6 8. Na3
Be6 9. Be3 Bg5 10. Nc2 Bxe3 11. Nxe3 Nd4 12. Bd3 Ne7 13. O-O O-O 14. Ne2 Nec6
15. Ng3 Qh4 16. Nef5 Nxf5 17. exf5 Bxc4 18. Bxc4 Qxc4 19. Qxd6 Rac8 20. b3 Qd4
21. Qa3 Rfd8 22. Rae1 Qd5 23. f6 Nd4 24. Re4 Rd6 25. fxg7 f5 26. Ree1 Rc7 27.
Qb2 Rxg7 28. f3 Rc6 29. Rf2 Rgc7 30. Qd2 Rc2 31. Qg5+ Rg7 32. Qh5 Rf7 33. Qg5+
Rg7 34. Nxf5 Nxf5 35. Qxf5 Rxf2 36. Kxf2 Qd2+ 37. Re2 Qd4+ 38. Kf1 Qa1+ 39. Re1
Qxa2 40. Qc8+ Kf7 41. Qxb7+ Kf8 42. Qa8+ Kf7 43. Qd5+ Kf8 44. Re2 Qa1+ 45. Kf2
Qd4+ 46. Qxd4 exd4 47. Re4 Rb7 48. Rxd4 Rxb3 49. Ra4 Rb2+ 50. Kg3 Rb6 51. h4
Kg7 52. Ra5 h6 53. Kf4 Kf6 54. g4 Rb4+ 55. Kg3 Rb6 56. g5+ hxg5 57. hxg5+ Kg6
58. Kg4 Kg7 59. f4 Rc6 60. f5 Rc4+ 61. Kh5 Rc1 62. Rxa6 Rh1+ 63. Kg4 Rg1+ 64.
Kf4 Rf1+ 65. Ke5 Re1+ 66. Kd6 Rd1+ 67. Ke7 Rf1 68. Rg6+ 1-0

[Event "3º Open de Lisboa "]
[Site "Altis Park Hotel - Rua Eng.º A"]
[Date "2015.08.09"]
[Round "3.13"]
[White "SANTOS, José Luis Machado Al"]
[Black "ROCHA, Manuel Fernando Teix"]
[Result "1-0"]
[WhiteElo "2205"]
[BlackElo "1827"]
[PlyCount "45"]
[EventDate "2015.08.08"]

1. f4 d5 2. Nf3 Nf6 3. e3 Bg4 4. h3 Bxf3 5. Qxf3 Nbd7 6. d4 Ne4 7. Nc3 Ndf6 8.
Bd3 Nxc3 9. bxc3 c6 10. O-O g6 11. f5 Qc7 12. e4 dxe4 13. Bxe4 g5 14. Bxg5 Nxe4
15. Qxe4 Rg8 16. Bf4 Qd7 17. Rab1 O-O-O 18. Qe5 Qd6 19. Qa5 Rxg2+ 20. Kxg2 Qd5+
21. Qxd5 Rxd5 22. Rb3 Rxf5 23. Be3 1-0

[Event "3º Open de Lisboa "]
[Site "Altis Park Hotel - Rua Eng.º A"]
[Date "2015.08.09"]
[Round "3.14"]
[White "MENDES, Modeste"]
[Black "REIS, Luís De Sousa Almeid"]
[Result "1-0"]
[WhiteElo "1816"]
[BlackElo "2196"]
[PlyCount "109"]
[EventDate "2015.08.08"]

1. d4 Nf6 2. Nd2 d5 3. c4 c5 4. dxc5 d4 5. Nb3 Nc6 6. e3 e5 7. exd4 exd4 8. Bg5
h6 9. Bxf6 Qxf6 10. Bd3 Be7 11. Ne2 O-O 12. O-O Rd8 13. Qd2 Qe5 14. Rfe1 Qc7
15. Qf4 Qxf4 16. Nxf4 Bf8 17. Rad1 Bg4 18. f3 Bd7 19. Kf1 Rac8 20. Be4 a5 21.
Bxc6 Bxc6 22. Nxa5 Bxc5 23. Nxc6 Rxc6 24. Nd3 Bd6 25. b3 Bxh2 26. Nb4 Re6 27.
Nd5 Be5 28. a4 g5 29. Re4 Bg7 30. Rde1 Red6 31. Re7 Rxd5 32. cxd5 Rxd5 33. Rxb7
d3 34. Rd1 d2 35. Rc7 Be5 36. Rc2 Bf4 37. g3 Bxg3 38. Rdxd2 Rf5 39. Kg2 Bf4 40.
Rd1 h5 41. b4 h4 42. Rc4 Rf6 43. b5 h3+ 44. Kxh3 Be3 45. Rc8+ Kg7 46. Kg2 Rh6
47. a5 Bf4 48. Rh1 Rd6 49. Rc2 Rd5 50. Rb1 f5 51. a6 g4 52. a7 Rd8 53. b6 Rh8
54. Rh1 gxf3+ 55. Kxf3 1-0

[Event "3º Open de Lisboa "]
[Site "Altis Park Hotel - Rua Eng.º A"]
[Date "2015.08.09"]
[Round "3.15"]
[White "FERREIRA, Hugo Miguel Da Costa"]
[Black "ELIAS, Ruben Joel Monteiro"]
[Result "1/2-1/2"]
[WhiteElo "2133"]
[BlackElo "1812"]
[PlyCount "116"]
[EventDate "2015.08.08"]

1. d4 d5 2. c4 e6 3. Nc3 Nf6 4. Bg5 Nbd7 5. cxd5 exd5 6. Nf3 Be7 7. e3 O-O 8.
Rc1 c6 9. Bd3 h6 10. Bh4 Ne4 11. Bxe7 Qxe7 12. O-O Ndf6 13. Ne5 Be6 14. Na4 Nd7
15. Nxd7 Bxd7 16. f3 Nd6 17. Re1 f5 18. Nc5 Rae8 19. Qc2 Bc8 20. b4 Qg5 21. Qf2
f4 22. e4 dxe4 23. fxe4 f3 24. e5 fxg2 25. Qg3 Qxg3 26. hxg3 Nf5 27. Bxf5 Rxf5
28. Kxg2 Ref8 29. Re2 Rd8 30. Rd1 b6 31. Nb3 Be6 32. Rdd2 Bd5+ 33. Kg1 Rdf8 34.
Rf2 Rf3 35. Rxf3 Rxf3 36. Kh2 Bxb3 37. axb3 Rxb3 38. Rf2 Re3 39. Kg2 Re4 40.
Rd2 Kf7 41. Kf3 Re1 42. Ra2 Ke6 43. Rxa7 Rd1 44. Ke4 Re1+ 45. Kd3 Rd1+ 46. Kc3
Rc1+ 47. Kd2 Rc4 48. Kd3 Rxb4 49. Rxg7 c5 50. Rg6+ Kf7 51. Rf6+ Ke7 52. dxc5
bxc5 53. Rxh6 Rb3+ 54. Kc4 Rxg3 55. Kxc5 Rd3 56. Ra6 Rd1 57. Kc4 Rd2 58. Kc3
Rd5 1/2-1/2

[Event "3º Open de Lisboa "]
[Site "Altis Park Hotel - Rua Eng.º A"]
[Date "2015.08.09"]
[Round "3.16"]
[White "PIRES, Emanuel João Robarts"]
[Black "FIDALGO, Daniel Neves"]
[Result "1/2-1/2"]
[WhiteElo "2133"]
[BlackElo "1802"]
[PlyCount "95"]
[EventDate "2015.08.08"]

1. e4 e6 2. Nf3 d5 3. e5 c5 4. b4 cxb4 5. a3 Nc6 6. axb4 Bxb4 7. c3 Bc5 8. d4
Bb6 9. Bd3 Nge7 10. O-O h6 11. Na3 Ba5 12. Nb5 O-O 13. Ra3 Bd7 14. Nh4 a6 15.
Nd6 b5 16. Qh5 f5 17. exf6 Rxf6 18. Bg5 hxg5 19. Qh7+ Kf8 20. Qh8+ Ng8 21. Bh7
gxh4 22. Nb7 Qb8 23. Qxg8+ Ke7 24. Qxg7+ Rf7 25. Qg5+ Rf6 26. Qg7+ Rf7 27. Qg5+
Rf6 28. Nxa5 Nxa5 29. Rxa5 Qf4 30. Qxf4 Rxf4 31. Rfa1 Raf8 32. R1a2 Bc8 33. Bd3
Bb7 34. Rb2 Rc8 35. Ra3 Kd6 36. Kf1 e5 37. dxe5+ Kxe5 38. g3 hxg3 39. hxg3 Rf3
40. Re2+ Kd6 41. Re3 Rf6 42. f4 Rh6 43. Ke1 Rh2 44. Be2 b4 45. cxb4 Rc2 46. f5
Rh1+ 47. Kf2 Rh2+ 48. Ke1 1/2-1/2

[Event "3º Open de Lisboa "]
[Site "Altis Park Hotel - Rua Eng.º A"]
[Date "2015.08.09"]
[Round "3.17"]
[White "PINTOR, Simão Maciel Abranch"]
[Black "COSTA, João Luis Silva M Yu"]
[Result "0-1"]
[WhiteElo "2089"]
[BlackElo "1782"]
[PlyCount "114"]
[EventDate "2015.08.08"]

1. e4 c5 2. Nc3 e6 3. f4 d5 4. Nf3 dxe4 5. Nxe4 Nc6 6. b3 Be7 7. Bb2 Nf6 8. Nf2
a6 9. g3 O-O 10. Bg2 Qb6 11. O-O Rd8 12. Qe2 Nd4 13. Nxd4 cxd4 14. Nd3 Bd7 15.
f5 Rac8 16. Rac1 Bf8 17. Qf2 Bb5 18. c4 Bc6 19. fxe6 fxe6 20. c5 Qb5 21. Bxc6
Rxc6 22. Rc4 Bxc5 23. Nxc5 Rxc5 24. Bxd4 Rf5 25. Qe2 Rxf1+ 26. Kxf1 Qf5+ 27.
Kg2 Qd5+ 28. Qf3 b5 29. Bxf6 Qxf3+ 30. Kxf3 Rd3+ 31. Ke2 bxc4 32. bxc4 Ra3 33.
Bc3 Rxa2 34. Ke3 Kf7 35. Ke4 Ke7 36. c5 Kd7 37. Kd4 Ra4+ 38. Ke5 a5 39. c6+
Kxc6 40. Kxe6 g6 41. Kf7 Ra3 42. Be5 Kd5 43. Bg7 Rf3+ 44. Kg8 Ke6 45. Kxh7 Kf7
46. d4 a4 47. Be5 Rf5 48. g4 Rxe5 49. dxe5 a3 50. h4 a2 51. h5 gxh5 52. gxh5
a1=Q 53. e6+ Kxe6 54. h6 Qa8 55. Kg7 Qb7+ 56. Kg8 Kf6 57. Kh8 Kg6 0-1

[Event "3º Open de Lisboa "]
[Site "Altis Park Hotel - Rua Eng.º A"]
[Date "2015.08.09"]
[Round "3.18"]
[White "PRATA, José Miguel Mendes"]
[Black "CORREIA, Jorge Paulo Cardoso "]
[Result "0-1"]
[WhiteElo "2003"]
[BlackElo "1770"]
[PlyCount "164"]
[EventDate "2015.08.08"]

1. e4 c5 2. Nf3 Nc6 3. d4 cxd4 4. Nxd4 Nf6 5. Nc3 e6 6. Be3 Bb4 7. f3 d5 8. Bb5
Qc7 9. exd5 Nxd5 10. Bxc6+ bxc6 11. Bd2 Qe5+ 12. Nde2 Bxc3 13. Bxc3 Nxc3 14.
bxc3 Ba6 15. Kf2 Bxe2 16. Qxe2 Qxc3 17. Rad1 Ke7 18. Rd3 Qc5+ 19. Kg3 Rad8 20.
Rhd1 Rd5 21. h4 Rhd8 22. Kh3 Rxd3 23. Rxd3 Rxd3 24. cxd3 Qf5+ 25. g4 Qd5 26.
Kg3 f6 27. Qc2 h5 28. gxh5 Kd7 29. Qa4 Qc5 30. d4 Qb6 31. Qc4 Qb5 32. Qc3 Qxh5
33. Qa3 a5 34. Qf8 Qg6+ 35. Kf2 Qh6 36. Ke2 Qg6 37. Ke3 f5 38. Kf2 Qf6 39. Qc5
Qxh4+ 40. Ke3 Qe1+ 41. Kd3 Qb1+ 42. Ke3 Qe1+ 43. Kd3 Qf1+ 44. Ke3 Qe1+ 45. Kd3
Qb1+ 46. Ke3 Qxa2 47. Qa7+ Ke8 48. Qxg7 Qd5 49. Qg8+ Kd7 50. Qb8 Ke7 51. Qa8
Qb3+ 52. Kf4 Qd5 53. Ke3 Kd7 54. Qb8 Ke7 55. Qa8 Kf7 56. Qb8 Kg7 57. Qg3+ Kf7
58. Qg5 a4 59. Qh5+ Kf6 60. Qh8+ Kf7 61. Qa8 f4+ 62. Kxf4 Qxd4+ 63. Kg5 Qd5+
64. Kg4 Qf5+ 65. Kg3 Qg5+ 66. Kh3 Qh5+ 67. Kg3 Qg6+ 68. Kf4 Qf6+ 69. Kg4 Qg7+
70. Kf4 Qf6+ 71. Kg4 Qg7+ 72. Kf4 Qd4+ 73. Kg5 Qc5+ 74. Kf4 a3 75. Qb7+ Kf6 76.
Kg4 Qg5+ 77. Kh3 Qf5+ 78. Kg3 Qe5+ 79. f4 Qc3+ 80. Kg4 a2 81. Qa8 a1=Q 82. Qf8+
Kg6 0-1

[Event "3º Open de Lisboa "]
[Site "Altis Park Hotel - Rua Eng.º A"]
[Date "2015.08.09"]
[Round "3.19"]
[White "LEÃO, Tiago Miguel Da Silv"]
[Black "ALVES, Luis Miguel Guerreir"]
[Result "1-0"]
[WhiteElo "1969"]
[BlackElo "1761"]
[PlyCount "103"]
[EventDate "2015.08.08"]

1. e4 Nf6 2. Nc3 d6 3. d4 c6 4. f4 Bg4 5. Be2 Bxe2 6. Qxe2 e6 7. Nf3 d5 8. f5
Be7 9. fxe6 fxe6 10. Ng5 Qd7 11. e5 Ng8 12. Qh5+ g6 13. Qf3 Bxg5 14. Bxg5 Qf7
15. Qxf7+ Kxf7 16. O-O+ Ke8 17. Bf6 Nxf6 18. Rxf6 Ke7 19. Raf1 Nd7 20. Rf7+ Kd8
21. Rg7 Kc7 22. Rff7 Rad8 23. Re7 Rhe8 24. Rxh7 Rxe7 25. Rxe7 Rg8 26. Rxe6 Nb6
27. Re7+ Kc8 28. b3 a6 29. e6 g5 30. Kf2 Rg6 31. Kg3 Kb8 32. Kg4 Rg8 33. Rf7
Nc8 34. e7 Re8 35. Kxg5 Nxe7 36. Kf6 Nc8 37. Kg7 Re3 38. Rf3 Re7+ 39. Kf6 Rh7
40. h3 Rh6+ 41. Kg7 Rh4 42. g4 Nd6 43. Rf8+ Kc7 44. Rh8 Ne8+ 45. Rxe8 Rxh3 46.
Ne2 Kd7 47. Re5 b5 48. g5 a5 49. g6 a4 50. Kg8 a3 51. g7 Rh1 52. Kf7 1-0

[Event "3º Open de Lisboa "]
[Site "Altis Park Hotel - Rua Eng.º A"]
[Date "2015.08.09"]
[Round "3.20"]
[White "JESUS, João Pedro Mendes De"]
[Black "GARCIA, António Manuel Da Co"]
[Result "1-0"]
[WhiteElo "1764"]
[BlackElo "1957"]
[PlyCount "119"]
[EventDate "2015.08.08"]

1. d4 d5 2. c4 c6 3. Nc3 Nf6 4. Nf3 e6 5. Bg5 Nbd7 6. e3 Qa5 7. Nd2 Bb4 8. Qc2
O-O 9. Be2 dxc4 10. Bxf6 Nxf6 11. Nxc4 Qc7 12. O-O a6 13. a3 Bxc3 14. Qxc3 Nd7
15. b4 Nb6 16. Nxb6 Qxb6 17. Qc5 Qd8 18. h3 Bd7 19. Rab1 Re8 20. Rfd1 Qe7 21.
a4 Rad8 22. b5 axb5 23. axb5 Qxc5 24. dxc5 e5 25. b6 Bf5 26. Rxd8 Rxd8 27. Ra1
g6 28. Ra7 Bc8 29. Bg4 f5 30. Be2 h6 31. g4 fxg4 32. Bxg4 Bxg4 33. hxg4 Rd7 34.
Kg2 Kf7 35. Ra8 Ke6 36. Rc8 Rd5 37. Rc7 Rxc5 38. Rxb7 Rb5 39. Kf3 c5 40. Rb8
Kd5 41. b7 Kc4 42. Ke4 Kb3 43. Kxe5 c4+ 44. Kd4 c3 45. Rc8 Rxb7 46. Rxc3+ Kb2
47. Rc6 Rb4+ 48. Rc4 Rb5 49. Ke4 h5 50. Kf3 Kb3 51. Rc6 Rg5 52. gxh5 gxh5 53.
e4 Kb4 54. Rf6 Rc5 55. Rf5 Rc3+ 56. Kf4 h4 57. Rh5 Rc2 58. f3 Rh2 59. Kg4 Kc4
60. Rxh4 1-0